DESIGN OF CITIES REVISED ED. (Record no. 1174843)

MARC details
000 -LEADER
fixed length control field 00295nam a2200121Ia 4500
008 - FIXED-LENGTH DATA ELEMENTS--GENERAL INFORMATION
fixed length control field 230724s1974 xx und d
041 ## - LANGUAGE CODE
Language code of text/sound track or separate title eng
082 ## - DEWEY DECIMAL CLASSIFICATION NUMBER
Classification number 711.409
100 ## - MAIN ENTRY--PERSONAL NAME
Personal name BACON E.N
245 ## - TITLE STATEMENT
Title DESIGN OF CITIES REVISED ED.
260 ## - PUBLICATION, DISTRIBUTION, ETC.
Name of publisher, distributor, etc. PENGUIN BOOKS LTD ENGLAND
Date of publication, distribution, etc. 1974
300 ## - PHYSICAL DESCRIPTION
Extent 336
Holdings
Withdrawn status Lost status Damaged status Not for loan Home library Current library Date acquired Source of acquisition Cost, normal purchase price Total Checkouts Full call number Barcode Date last seen Price effective from Koha item type
        College of Architecture, Pune College of Architecture, Pune 23/07/2024 BHARATI MADYAWARTI SAHAKARI GRAHAK BHANDAR LTD. 2435.00   711.409 ARP-BARCH-3699 23/07/2024 23/07/2024 Book